La avalancha diagnóstica como mecanismo para estimar el éxito o fracaso en la Licenciatura de Medico Cirujano (Record no. 61573)

MARC details
000 -CABECERA
campo de control de longitud fija 00720nam a2200229 a 4500
005 - FECHA Y HORA DE LA ÚLTIMA TRANSACCIÓN
campo de control 20210223123754.0
008 - ELEMENTOS DE LONGITUD FIJA--INFORMACIÓN GENERAL
campo de control de longitud fija 991125n 000 0 spa u
035 ## - NÚMERO DE CONTROL DEL SISTEMA
Número de control de sistema UPN01000062215
100 1# - ASIENTO PRINCIPAL--NOMBRE PERSONAL
Nombre de persona Martínez González, Adrián
9 (RLIN) 29161
222 #0 - TÍTULO CLAVE
Título clave REVISTA DE LA EDUCACION SUPERIOR
245 03 - MENCIÓN DE TÍTULO
Título La avalancha diagnóstica como mecanismo para estimar el éxito o fracaso en la Licenciatura de Medico Cirujano
300 ## - DESCRIPCIÓN FÍSICA
Extensión 5-20
362 0# - FECHAS DE PUBLICACIÓN Y/O DESIGNACIÓN SECUENCIAL
Fecha de publicación y/o designación secuencial 1999 Vol.28(2) No.110
653 0# - TERMINO DE INDIZACION - NO CONTROLADO
Término no controlado EXITO PROFESIONAL
653 0# - TERMINO DE INDIZACION - NO CONTROLADO
Término no controlado FRACASO PROFESIONAL
653 0# - TERMINO DE INDIZACION - NO CONTROLADO
Término no controlado MEDICOS
653 0# - TERMINO DE INDIZACION - NO CONTROLADO
Término no controlado FORMACION PROFESIONAL
700 1# - ASIENTO SECUNDARIO--NOMBRE DE PERSONAL
Nombre de persona Gil Miguel, A.,
Término indicativo de función/relación coaut.
700 1# - ASIENTO SECUNDARIO--NOMBRE DE PERSONAL
Nombre de persona Rey Calero, J.,
Término indicativo de función/relación coaut.
904 ## - ELEMENTOS DE DATOS D LOCAL, LDD (RLIN)
a AC
b 000026
905 ## - TIPO DE MATERIAL
Tipo de material Articulo

No items available.